| 000 | 00672nam a2200229 i 4500 | ||
|---|---|---|---|
| 001 | bgj | ||
| 100 | 1 | _aEVANS, Virginia. | |
| 245 | 1 | 0 |
_aClick on : _bworkbook : teacher's / _cVirginia Evans ; Neil O'Sullivan. |
| 250 | _aPolish edition. | ||
| 260 |
_aNewbury, Berkshire : _bExpress Publishing, _c2000. |
||
| 300 |
_a164 pp : _bill., photos ; _c30 cm. |
||
| 650 | 9 | _aEnglish language | |
| 655 | _aTextbooks for foreigners | ||
| 655 | _aTextbooks for secondary schools | ||
| 700 | 1 |
_aO'SULLIVAN, Neil. _eco-author |
|
| 020 | _a1842165453 | ||
| 040 | _cBPK | ||
| 041 | 0 | _aeng | |
| 920 | _a1-84216-545-3 | ||
| 942 | _cKS | ||
| 008 | s uk f |000 0 eng | ||
| 999 |
_c48894 _d48894 |
||